000 00607nam a22002057a 4500
999 _c5746
_d5746
003 GBCCL
005 20241126110549.0
008 180405b ||||| |||| 00| 0 eng d
040 _cgbc
082 _a248.246
_bNAA
100 _aNaaman, Ghulam Masih
_910377
245 _aMy Grace is Sufficient for You /
_cGhulam Masih Naaman
250 _aRev. Ed.
260 _aSwitzerland:
_bThe Good Way,
_c1998
300 _a127 p.;
_c16 cm.
650 _aNaaman, Ghulam Masih
_910377
650 _aChristian converts from Islam
_910264
650 _aChristianity and other religions
_vIslam
_910265
942 _2ddc
_cBK